| 000 | 00495nam a22001817a 4500 | ||
|---|---|---|---|
| 003 | Ost | ||
| 005 | 20220902184432.0 | ||
| 008 | 220902b |||||||| |||| 00| 0 eng d | ||
| 020 | _aNA | ||
| 040 | _cBT-PhCST | ||
| 050 | _a4590 | ||
| 082 |
_222 _a658.404 |
||
| 100 | _aLewis, James P. | ||
| 245 |
_aProject planning, scheduling, and control : _ba hands on guide to bringing projects in on time and on budget / |
||
| 260 |
_bTata McGraw-Hill, _cc2005. |
||
| 300 |
_a0 _bill. ; |
||
| 942 |
_2ddc _cMAG |
||
| 999 |
_c3271 _d3271 |
||